| 000 | 00739nam a2200241 a 4500 | ||
|---|---|---|---|
| 001 | 12867 | ||
| 003 | BD-JhCC | ||
| 005 | 20230521131631.0 | ||
| 008 | 230521s2019 b a|||| |||| 000 0 e d | ||
| 020 | _a9789843467058 | ||
| 035 | _a(BD-JhCC)12867 | ||
| 040 |
_aBD-JhCC _dBD-JhCC |
||
| 041 | _aeng | ||
| 082 |
_a363.73874 _bCLI 2019 |
||
| 245 |
_aClimate change mitigation and adaptation / _cRafiqul Islam ...[et. al]. |
||
| 260 |
_aUniversity of Dhaka, Dhaka : _bCenter for Climate Change Study and Research Utilization, _c2019 |
||
| 300 |
_aviii, 323 p. : _billus; _c23 cm. |
||
| 504 | _aIncludes Bibliography | ||
| 650 | _aClimatic changes | ||
| 650 | _aClimate change mitigation | ||
| 700 | _aIslam, Rafiqul | ||
| 942 |
_2ddc _cBK |
||
| 999 |
_c12867 _d12867 |
||